|
|
|
|
| LEADER |
00000nab a2200000 a 4500 |
| 001 |
vtls000622786 |
| 003 |
SK-MaSNL |
| 005 |
20260319075759.0 |
| 008 |
160322c1997 xo 0 hun |
| 015 |
|
|
|a SNBRB19rr/mm-uuuuu
|
| 035 |
|
|
|a CL0622925
|
| 040 |
|
|
|a SNKBUCL
|b slo
|c SNKBUCL
|e AACR2
|
| 041 |
0 |
|
|a hun
|
| 044 |
|
|
|a xo
|c SK
|
| 080 |
|
|
|a 792.071.2
|2 1981
|
| 080 |
|
|
|a 78.071.1
|2 1981
|
| 100 |
1 |
|
|a Szabó, László G.,
|d 1955-
|4 aut
|4 ivr
|9 840019
|
| 245 |
1 |
3 |
|a Az érzéki vad
|b Peter Mankovecký a Szlovák Nemzeti Színházban
|c Peter Mankovecký, László G. Szabó
|
| 300 |
|
|
|b Fotogr. 1
|
| 600 |
1 |
7 |
|a Mankovecký, Peter,
|d 1968-2013
|2 snkbucl
|9 15364
|
| 655 |
|
7 |
|a články z novín a časopisov
|2 snkbucl
|9 267496
|
| 700 |
1 |
|
|a Mankovecký, Peter,
|d 1968-2013
|4 aut
|9 15364
|
| 773 |
0 |
|
|t Vasárnap
|g Roč. 30, č. 14 (1997)
|
| 773 |
0 |
|
|t [Príl.] Hang-kép
|g Č. 14 (1997), s. 3
|
| 850 |
|
|
|a Slovenská národná knižnica v Martine
|a DSG001
|
| 852 |
|
|
|a SNK
|b KIS3GCP
|
| 958 |
|
|
|a HU
|
| 958 |
|
|
|a SK
|
| 958 |
|
|
|a BX
|
| 958 |
|
|
|a RK
|
| 958 |
|
|
|a RBX
|
| 999 |
|
|
|c 1427310
|d 1429240
|